000 00785nam a2200241 a 4500
001 000044776
003 DO-SdBNP
005 20240226134949.0
007 ta
008 240902s2011 dr 000 0 spa d
040 _aDO-SdBNP
_bspa
_cBNPHU
_erda
082 _bP438r
_222
100 1 _aPérez Saviñón, José Joaquín
_eautor
_955022
245 1 0 _aResumen de la verdadera historia del general Juan Pablo Duarte y Díez /
_cJosé Joaquín Pérez Saviñón.
264 _aSanto Domingo :
_bInstituto Duartiano
_bMuseo Casa Duarte, y Biblioteca,
_c2011.
300 _a31 paginas ;
_c14 cm.
336 _2rdacontent
_atexto
_btxt
337 _2rdamedia
_asin mediación
_bn
338 _2rdacarrier
_avolumen
_bnc
590 _aInventariado, 2024/DG
910 _aDG
942 _2ddc
_cLF2
999 _c55894
_d55894